|
|
|
|
| LEADER |
00000naa2a2200000 4500 |
| 001 |
387545 |
| 005 |
20231101063622.0 |
| 035 |
|
|
|a (RuTPU)RU\TPU\prd\17298
|
| 090 |
|
|
|a 387545
|
| 100 |
|
|
|a 20030912a2003 k y0rusy50 ca
|
| 101 |
0 |
|
|a rus
|
| 102 |
|
|
|a RU
|
| 200 |
1 |
|
|a Радиовзгляд с высоты
|f А. Н. Романов
|
| 225 |
1 |
|
|a Проблемы и методы науки
|
| 461 |
|
1 |
|0 (RuTPU)RU\TPU\prd\1643
|t Химия и жизнь - XXI век
|o научно-популярный журнал
|f ИнформНаука
|d 1996-
|
| 463 |
|
1 |
|0 (RuTPU)RU\TPU\prd\16355
|t № 6
|v С. 34-35
|d 2003
|
| 610 |
1 |
|
|a Земля
|
| 610 |
1 |
|
|a аэрофотосъёмка
|
| 610 |
1 |
|
|a космические снимки
|
| 610 |
1 |
|
|a излучения
|
| 610 |
1 |
|
|a электромагнитные волны
|
| 610 |
1 |
|
|a методы контроля
|
| 610 |
1 |
|
|a радиометры
|
| 700 |
|
1 |
|a Романов
|b А. Н.
|
| 801 |
|
1 |
|a RU
|b 63413507
|c 20030912
|g PSBO
|
| 801 |
|
2 |
|a RU
|b 63413507
|c 20120903
|g RCR
|
| 942 |
|
|
|c BK
|